00438nam a2200157Ia 4500100001900000490000600019942000700025654001600032245002700048260003900075082001100114300000800125546001200133999001700145952011800162 aSingh/ Kirpal  v1 cBK aengineering aAutomobile engineering bStandard PublicationaDelhic1982 a629.24 a594 aENGLISH c25589d25589 001040708AFTaCRCEbCRCEd2023-03-17eUBSg28.00iT-51l0o629.24 pAFT3204r2023-03-17v28.00w2023-03-17yBK